Loading...
| Fine Arts - Classical Music | 0 | 5 | 1 | 1 | 45 | 35 | 67.80 | 1 | 4 | 23.31 | 47.22 |
| Science - Biology | 0 | 3 | 2 | 0 | 20 | 49 | 60.33 | 1 | 3 | 14.09 | 25.00 |
| Science - Other | 0 | 1 | 0 | 1 | 10 | 103 | 103.00 | 0 | 0 | 0.00 | 6.94 |
| History - American | 0 | 1 | 0 | 0 | 10 | 45 | 45.00 | 1 | 1 | 28.77 | 50.00 |
| Popular Culture | 0 | 1 | 0 | 1 | 10 | 114 | 114.00 | 0 | 0 | 0.00 | 2.50 |
| Religion | 0 | 1 | 0 | 1 | 10 | 114 | 114.00 | 0 | 1 | 0.00 | 1.39 |
| Science - Chemistry | 0 | 1 | 0 | 0 | 10 | 72 | 72.00 | 0 | 1 | 3.63 | 9.72 |
| Literature - European | 0 | 1 | 0 | 0 | 10 | 84 | 84.00 | 0 | 0 | 3.58 | 5.56 |
| Literature - World | 0 | 1 | 0 | 1 | 10 | 109 | 109.00 | 0 | 0 | 0.00 | 1.39 |
| Literature - American | 0 | 0 | 0 | 0 | 0 | 0.00 | 0 | 0 | 0.00 | 0.00 | |
| Fine Arts - Other | 0 | 0 | 0 | 0 | 0 | 0.00 | 0 | 0 | 0.00 | 0.00 | |
| Literature - British | 0 | 0 | 1 | 0 | -5 | 0.00 | 0 | 0 | 0.00 | 0.00 |